00348pab a2200121 454500008004000000100002600040245009700066260000900163300001400172362001100186650001400197773001500211180718b2004 xxu||||| |||| 00| 0 eng d aCaldarone, Richard P. aPrecedent in operation: a comparison of the judicial House of Lords and the US Supreme Court c2004 ap.759-87. aWinter aJudiciary aPublic Law